000 00889nam a2200253Ia 4500
003 OSt
005 20220923224851.0
006 a|||||r|||| 00| 0
007 ta
008 220922b |||||||| |||| 00| 0 hin d
024 _a252,647
037 _cTextual
040 _aARTS
_cARTS
_bhin
041 _2hin
_ahin
082 _aR66x1, 152N2
100 _aशर्मा, राजगोपाल
245 0 _aआद्य श्री शङ्कराचार्य
_b आविर्भाव काल
246 _aĀdya shrī shankarāchārya: āvirbhāv kāla
260 _aवाराणसी
_b विश्वविद्यालय प्रकाशन
_c1992
300 _a79पृ.
_ccm.
650 _aधर्मशास्त्र
942 _hR66x1, 152N2
_cTEXL
_2CC
999 _c374246
_d374246